| 000 | 01156nam a2200337 c 4500 | ||
|---|---|---|---|
| 001 | 58909 | ||
| 003 | CO-BoRNBP | ||
| 005 | 20250829163947.0 | ||
| 007 | ta | ||
| 008 | 180109s20172019ck g 000 0 spa d | ||
| 020 | _a9584242873 | ||
| 020 | _a9789584242877 | ||
| 040 |
_aCO-BoRNBP _bspa _erda _cCO-BoRNBP |
||
| 041 | _aspa | ||
| 082 | 0 | 4 |
_a320.019 _bN87e _222 |
| 100 |
_aNussbaum, Martha Craven, _d1947- _eaut _963508 |
||
| 245 | 1 | 0 |
_aEmociones políticas : _b¿Por qué el amor es importante para la justicia? / _cMartha C. Nussbaum ; traducción de Albino Santos Mosquera. |
| 250 |
_aCuarta edición _bQuinta edicion |
||
| 264 | 1 |
_aBogotá, Colombia : _bPaidós, _c2019 |
|
| 300 | _a555 páginas | ||
| 336 |
_atexto _btxt _2rdacontent |
||
| 337 |
_asin mediación _bn _2rdamedia |
||
| 338 |
_avolumen _bnc _2rdacarrier |
||
| 490 | 0 | _aEstado y sociedad | |
| 500 | _aIncluye índice analítico y de nombres | ||
| 650 | 0 | 7 |
_aConducta (ética) _xPsicología _2LEMB _964370 |
| 650 | 0 | 7 |
_aInteligencia emocional _2lemb _91817 |
| 650 | 0 | 7 |
_aPolítica _xAspectos fisiológicos _2lemb _964371 |
| 700 |
_aSantos Mosquera, Albino _etrl _963514 |
||
| 942 |
_2ddc _cBK |
||
| 999 |
_c58909 _d58909 |
||